000 00436nam a22001577a 4500
999 _c1680
_d1680
008 200129b ||||| |||| 00| 0 eng d
082 0 0 _a621.353
_bS55929
100 _91307
_aSholl, Waring.
245 1 0 _a(The) Dry Battery : A practical manual, including battery manufacture
_cby Waring Sholl
250 _a1st
260 _aLondon
_bGriffin
_c1940
300 _avii,75p.
365 _d1.09
650 0 _aElectric Batteries
942 _cBK